Death of A Bachelor ~ Panic at the Disco - Statistics

General Stats
  • This quiz has been taken 2,730 times
  • The average score is 10 of 11
Answer Stats
Hint Answer % Correct
____ have told me I don't look the same People
96%
The death of a ______ oh Bachelor
95%
Do I look ____? lonely
95%
Maybe I ____ _____ lost weight
94%
Watching the ____ fall sky
94%
I'm walking the ____ _____ long road
93%
How do I ____? live
92%
I see the shadows ___ ___ ____ on my face
92%
I'm playing ____ , with the best of the best hooky
87%
Put my ___ ___ ___ ___ , so that you can see it too heart on my chest
85%
The lace in your ____ ____ my neck dress tingles
58%
No matching quizzes found
Score Distribution
Percent of People with Each Score
Percentile by Number Answered
Your Score History
You have not taken this quiz